| 000 | 00605nam a22001577a 4500 | ||
|---|---|---|---|
| 999 |
_c26413 _d26413 |
||
| 082 | _aRT.0110 | ||
| 100 |
_aT., Abhilash _uGokhale Institute of Politics and Economics _vPune |
||
| 245 |
_aSocio - Economic Inclusion of Nomadic Tribes _b: A Case Study of Malai Pandaram in Kerala |
||
| 260 | _aPune | ||
| 300 | _axv,155p. | ||
| 504 | _aInclude Bibliography and Annexure | ||
| 536 | _aIndian Council of Social Science Research, New Delh | ||
| 650 |
_asocial status _vsocio - economic status _vInclusion, Social _vnomadic tribes _zmalai pandaram _zkerala _zindia |
||
| 700 | _aBansode,prasant | ||
| 942 |
_cRP _2ddc |
||